000
00231nam a2200097Ia 4500
001
648483
005
20250826153723.0
008
250824s9999 xx 000 0 und d
245
0
_a
HAYLAZ KAVUN
_c
ROBERT ALLEN
260
_b
GENÇ TİMAŞ
999
_c
648483
_d
648483